000 00714nam a2200193 i 4500
001 102388
003 ES-MaACL
005 20230906183112.0
007 t|
008 051110m19491950po ||||1| por d
100 1 _aAcciaiuoli, Luís de Meneses,
_d1888-1958
_918205
245 1 0 _aBibliografía hidrológica do Império Português /
_cpelo emgenheiro Luís de Menezes Corrêa Acciaiuoli.
260 _aLisboa :
_b[s.n.],
_c1949-50 (
_fGráf. Ramos)
300 _a2 v. ;
_c26 cm.
500 _aPrecede al tít.: Direcçao Geral de Minas e Serviços Geológicos.
710 2 _aPortugal.
_bDirecçao Geral de Minas e Serviços Geológicos.
_96242
852 _aES-MaACL
_jP-967
_bR.29942
999 _c102388
_d102388